Úvod
Publikácia je výstupom riešenia projektu "Diagnostika podnikových procesov v kontexte manažmentu rizika a stanovenia hodnoty podniku".
Salvato in:
| Autore principale: | |
|---|---|
| Natura: | Capitolo di libro |
| Lingua: | slovacco |
| Soggetti: | |
| Tags: |
Nessun Tag, puoi essere il primo ad aggiungerne!!
|
MARC
| LEADER | 00000nla a2200000 4500 | ||
|---|---|---|---|
| 001 | 0214496 | ||
| 005 | 20240502073603.3 | ||
| 041 | 0 | |a slo | |
| 044 | |a SK | ||
| 245 | 1 | 0 | |a Úvod |c Anna Neumannová |
| 520 | |a Publikácia je výstupom riešenia projektu "Diagnostika podnikových procesov v kontexte manažmentu rizika a stanovenia hodnoty podniku". | ||
| 610 | 2 | 0 | |a diagnostika podniková |
| 610 | 2 | 0 | |a procesy podnikové |
| 610 | 2 | 0 | |a riadenie rizík |
| 610 | 2 | 0 | |a metódy riadenia |
| 610 | 2 | 0 | |a risk management |
| 610 | 2 | 0 | |a hodnota podniku |
| 100 | 1 | |a Neumannová, Anna | |